| 000 | 00557nam a22002057a 4500 | ||
|---|---|---|---|
| 003 | OSt | ||
| 005 | 20240521171041.0 | ||
| 008 | 210908b ||||| |||| 00| 0 eng d | ||
| 020 | _a0521383730 | ||
| 040 | _cDDC | ||
| 082 | _a536.42 HER 1990 | ||
| 100 |
_aHerman, Robin _914770 |
||
| 245 | _aFusion the Search for Endless Energy | ||
| 260 | _aCambridge University Press, 1990 | ||
| 300 |
_axi,267p; _bill; _c24cm |
||
| 504 | _aNotes, Glossary, appendices, & index included | ||
| 650 |
_aEnergy _916988 |
||
| 650 |
_aFusion _916989 |
||
| 942 |
_2ddc _cO_SHELF |
||
| 999 |
_c7181 _d7181 |
||